000 00629nam a2200241Ia 4500
003 OSt
005 20220918184832.0
006 a|||||r|||| 00| 0
007 ta
008 220917b |||||||| |||| 00| 0 eng d
024 _a48,296
037 _cTextual
040 _aARTS
_cARTS
_beng
041 _2eng
_aeng
082 _aP::3, K4
100 _aPalermo David S
_966791
245 0 _aWord association norms grade through college
260 _c1964
650 _aLINGUISTICS
700 _a Jenkins James J
_966792
942 _hP::3, K4
_cTEXL
_2CC
999 _c177966
_d177966